| 000 | 00508nam a2200181Ia 4500 | ||
|---|---|---|---|
| 005 | 20260415160347.0 | ||
| 008 | 008 250505s9999 xx 000 0 hin d | ||
| 037 | _aTextual | ||
| 040 |
_aFEDL _beng _cFEDL |
||
| 041 |
_ahin _2eng |
||
| 084 |
_a891.434 DWI _qFEDL |
||
| 100 |
_aDwivedi Hajari Prasad _9400077 |
||
| 245 | 0 | _aVichar aur vitark | |
| 260 |
_aJabalpur, India _bSushma-Sahitya-Mandir |
||
| 300 | _a204p | ||
| 942 |
_cTEXL _h891.434 DWI |
||
| 999 |
_c1322110 _d1322110 |
||